000 00265nam a2200109Ia 4500
008 180117s9999 xx 000 0 und d
245 _aSubmissions
260 _c2017
300 _a22-24 pages, 2017 August 20
440 _aPhilippine Panorama
650 _aKULATERAL
999 _c353440
_d353440